| 000 | 00736cam a2200217 a 4500 | ||
|---|---|---|---|
| 020 | _a0470210567 (Wiley) | ||
| 082 | 0 | 0 |
_a681.2 _bBEN _cL-21, P-80 |
| 100 | 1 |
_aBentley, John P., _939823 |
|
| 245 | 1 | 0 |
_aPrinciples of measurement systems / _cJohn P. Bentley. |
| 250 | _a2nd ed. | ||
| 260 |
_aBurnt Mill, Harlow, Essex, England : _bLongman Scientific & Technical ; _aNew York : _bWiley, _c1988. |
||
| 300 |
_axiv, 503 p. : _bill. ; _c24 cm. |
||
| 500 | _aIncludes index. | ||
| 526 |
_a0 _b0 _c0 _d681_200000000000000_BEN |
||
| 650 | 0 |
_aAutomatic control. _926207 |
|
| 650 | 0 |
_aEngineering instruments. _97429 |
|
| 650 | 0 |
_aMCE _9379 |
|
| 650 | 0 |
_aPhysical instruments. _939824 |
|
| 650 | 0 |
_aPhysical measurements. _939825 |
|
| 942 |
_2ddc _cBK |
||
| 999 |
_c548666 _d548666 |
||